000 00755nam0a22002411 4500
001 rc\176662
005 20250620221226.0
010 _a5-7463-0008-X
_bИндивидуал. част. предприятие "Беловодье"
_950000
035 _a(NLR Aleph) 005437535
090 _a4722259
_c4722259
100 _a20030307d1996 |||y0rusy50 ca
101 0 _arus
102 _aRU
105 _ay |||||||||
200 1 _aПравила этикета
_f[Ред.-сост. С. Клиновцева]
210 _aМ.
_cРус. слово
_cЭридон
_d1996
215 _a124, [1] с.
_d20
702 1 _aКлиновцева
_bС.
_4340
801 0 _aRU
_bNLR
_gpsbo
801 1 _aRU
_bELAR
_2rusmarc
852 _aNLR
_j96-3/12319
942 _cBOOK
980 _aNB